000 00757nam a22002417a 4500
003 OSt
005 20231101155057.0
008 221006b |||||||| |||| 00| 0 eng d
020 _a978 930 9652 0 7
040 _cBiblioteca Lado V
082 _a769
_bB273e
100 _91190
_aBarreto, Eli
_eautor
245 _aEli Barreto/
260 _aCosta Rica
_c1981
_bMuseo del Grabado Latinoamericano
300 _a6 p.
_c24 x 19 cm
366 _efre
366 _eeng
650 _2Tesauro de Arte & Arquitectura
_aARTE
_9703
650 _2Tesauro de Arte & Arquitectura
_aGRABADO
650 _2Tesauro de Arte & Arquitectura
_aLATINOAMERICA
_9703
650 _2Tesauro de Arte & Arquitectura
_aMUSEO
942 _2ddc
_c1
_h769
_iB273e
_n0
999 _c4529
_d4529